Climate Change Litigation in Japan : Cases, Challenges, and Opportunities for Environmental Law /
This book provides the details of Japanese climate litigation, positioning them both within the global trends of climate litigation and on the trajectory of Japanese past pollution lawsuits. It identifies the barriers that hinders the number of climate cases in Japan, a country known with a signific...
المؤلف الرئيسي:
التنسيق: كتاب الكتروني
اللغة: English
منشور في:
Leiden ; Boston :
Brill,
2026.
سلاسل:
Asian Studies E-Books Online, Collection 2026.
NIHU Studies in the Humanities ;
1.
الموضوعات:
الوصول للمادة أونلاين: Login to view Source
الوسوم: إضافة وسم
رقم الطلب: N7301 .S484
| LEADER | 04313nam a22005178i 4500 | ||
|---|---|---|---|
| 001 | BRILL9789004757035 | ||
| 003 | nllekb | ||
| 005 | 20260324115024.0 | ||
| 006 | m d | ||
| 007 | cr un uuuua | ||
| 008 | 251205s2026 gw sb 001 0 eng d | ||
| 020 | |a 9789004757035 |q (electronic book) | ||
| 020 | |z 9789004756298 |q (print) | ||
| 024 | 7 | |a 10.1163/9789004757035 |2 DOI | |
| 040 | |a NL-LeKB |c NL-LeKB |e rda | ||
| 041 | |a eng |a jap | ||
| 050 | 4 | |a N7301 .S484 | |
| 072 | 7 | |a LAW |x 051000 |2 bisacsh | |
| 072 | 7 | |a LBBR |2 bicssc | |
| 072 | 7 | |a POL |x 035010 |2 bisacsh | |
| 082 | 0 | 4 | |a 709.54 |2 23 |
| 100 | 1 | |a Ichihara, Masako, |e author. | |
| 245 | 1 | 0 | |a Climate Change Litigation in Japan : |b Cases, Challenges, and Opportunities for Environmental Law / |c Masako Ichihara. |
| 246 | 3 | |a Cases, Challenges, and Opportunities for Environmental Law | |
| 264 | 1 | |a Leiden ; |a Boston : |b Brill, |c 2026. | |
| 264 | 4 | |c ©2026 | |
| 300 | |a 1 online resource (197 pages) : |b illustrations. | ||
| 336 | |a text |b txt |2 rdacontent | ||
| 337 | |a computer |b c |2 rdamedia | ||
| 338 | |a online resource |2 rdacarrier | ||
| 490 | 1 | |a Asian Studies E-Books Online, Collection 2026 | |
| 490 | 1 | |a NIHU Studies in the Humanities ; |v 1 | |
| 504 | |a Includes bibliographical references and index. | ||
| 505 | 0 | |t Preface -- Acknowledgments -- List of Figures and Tables -- Abbreviations -- Introduction -- 1 Research Background and Existing Scholarship -- 1.1 Research Background -- 1.2 Literature Review -- 1.3 Research Objectives and Methods -- 2 Overview of the Japanese Legal System Relevant to Climate Change Litigation -- 2.1 Overview -- 2.2 Japanese Judiciary -- 2.3 Public Access to Justice in Environmental Litigation -- 2.4 Laws Mobilized in Japanese CCL -- 2.5 Summary: Key Legal Constraints to CCL in Japan -- 3 From Environmental to Climate Change Litigation -- 3.1 Overview -- 3.2 Historical Background -- 3.3 Structural Causes of Japanese Environmental Damage -- 3.4 CCL as an Extension of Environmental Litigation -- 3.5 Summary -- 4 Five Climate Change Cases in Japan -- 4.1 Overview -- 4.2 Details of the Cases -- 4.3 Comparison of the Cases -- 4.4 Comparison of CCL and Earlier Antipollution/ Environmental Cases -- 4.5 Uniqueness of CCL in Japan -- 4.6 Summary -- 5 Institutional Obstacles -- 5.1 Overview -- 5.2 Access to the Courts -- 5.3 Existing Law -- 5.4 Judicial Receptiveness -- 5.5 Discussion -- 5.6 Summary -- 6 Cognitive Obstacles -- 6.1 Overview -- 6.2 Previous Studies -- 6.3 Methodology -- 6.4 First-Stage Surveys and Interviews -- 6.5 Second-Stage Questionnaire Survey -- 6.6 Discussion -- 6.7 Summary -- 7 Countermeasures: Possible Improvements and Future Prospects -- 7.1 Overview -- 7.2 Obstacles to Climate Litigation -- 7.3 Prospects for the Future: through Comparison with US Tobacco Litigation -- 7.4 Summary -- Conclusion -- 1 Findings and Implications -- 2 Contributions -- 3 Limitations and Future Research -- Glossary -- Appendix 1: First-Stage Survey Questionnaire -- Appendix 2: Second-Stage Survey Questions -- Bibliography -- Index. | |
| 520 | |a This book provides the details of Japanese climate litigation, positioning them both within the global trends of climate litigation and on the trajectory of Japanese past pollution lawsuits. It identifies the barriers that hinders the number of climate cases in Japan, a country known with a significant low litigation use. It then discusses the future prospects for climate change litigation in Japan by comparing with tobacco litigation in the United States. This original work makes a significant contribution to the international academic community, by describing Japan's climate cases, previously little known internationally. | ||
| 546 | |a English and Japanese | ||
| 588 | |a Description based on print version record. | ||
| 650 | 0 | 0 | |a Asian Studies. |
| 650 | 0 | 0 | |a Environmental History. |
| 650 | 0 | 0 | |a History. |
| 650 | 0 | 0 | |a Social Sciences. |
| 776 | 0 | 8 | |i Print version: |t Climate Change Litigation in Japan : Cases, Challenges, and Opportunities for Environmental Law. |d Leiden ; Boston : BRILL,2026. |z 9789004756298 |w (OCoLC)1545056554 |
| 830 | 0 | |a Asian Studies E-Books Online, Collection 2026. | |
| 830 | 0 | |a NIHU Studies in the Humanities ; |v 1. | |
| 856 | 4 | |z DOI: |u http://dx.doi.org/10.1163/9789004757035 | |
| 999 | |c 61958 |d 61958 | ||
